Australian cities multiple choice: Canberra - Statistics

General Stats
  • This quiz has been taken 69 times
  • The average score is 10 of 15
Answer Stats
Question Answer % Correct
Canberra is in... Australian Capital Territory
100%
What is the largest university in Canberra? Australian National University
100%
People from Canberra are... Canberrans
100%
Many suburbs, including Chifley, Deakin, Scullin and Page, are named after... Prime Ministers
93%
What is Summernats? A car festival
87%
Lake Burley Griffin was created by the damming of which river? Molonglo
87%
What is the Prime Minister's official residence? The Lodge
87%
What is the second Monday in March? Canberra Day
80%
What is the local team in the National Rugby League? Raiders
80%
Which animals are featured on the coat of arms of the City of Canberra? A black swan and a white swan
67%
The Governor General's official residence, Government House, is more commonly known as... Yarralumla
67%
Callister Crescent in Theodore is named after the inventor of... Vegemite
33%
Who opened Parliament House in 1927? Prince Albert, Duke of York
27%
How does Canberra celebrate its sister city relationship with Nara, Japan? An annual festival of candles
13%
Who did not attend Canberra Grammar School? Tim Ferguson, comedian and broadcaster
13%
No matching quizzes found
Score Distribution
Percent of People with Each Score
Percentile by Number Answered
Your Score History
You have not taken this quiz